|
|
|
|
| LEADER |
01340nam a2200265 a 4500 |
| 001 |
4518628 |
| 008 |
090519s1998 ii b 101 0 eng d |
| 010 |
|
|
|a 98900343
|
| 020 |
|
|
|a 8173041032
|
| 040 |
|
|
|a DLC
|c DLC
|
| 082 |
0 |
0 |
|a 362.1/98/0954
|2 21
|
| 245 |
0 |
0 |
|a Women's health, public policy, and community action /
|c edited by Swapna Mukhopadhyay.
|
| 260 |
|
|
|a New Delhi :
|b Manohar Publishers & Distributors,
|c 1998.
|
| 300 |
|
|
|a 192 p. ;
|c 22 cm.
|
| 520 |
|
|
|a Contributed articles presented at the National Seminar on Women's Health and Reproduction held at India International Centre, New Delhi in Nov. 1995; with special reference to Indian women.
|
| 504 |
|
|
|a Includes bibliographical references and index.
|
| 541 |
1 |
|
|e 00006290
|
| 650 |
|
0 |
|a Women's health services
|z India
|x Political aspects
|x Congresses.
|
| 650 |
|
0 |
|a Women's health services
|z India
|x Social aspects
|x Congresses.
|
| 650 |
|
0 |
|a Non-governmental organizations
|z India
|x Congresses.
|
| 700 |
1 |
|
|a Mukhopadhyay, Swapna.
|
| 711 |
2 |
|
|a National Seminar on Women's Health and Reproduction
|d (1995 :
|c India International Centre)
|
| 852 |
4 |
|
|a <add your library>
|j <shelf mark>
|
| 999 |
|
|
|c 865
|d 865
|
| 952 |
|
|
|0 0
|1 0
|2 ddc
|4 0
|6 362_198095400000000_WOM_1998
|7 0
|8 NFIC
|9 803
|a BRACUL
|b BRACUL
|c GEN
|d 2009-05-19
|g 495.00
|l 0
|o 362.1980954 WOM
|p 3010006290
|r 2009-05-19
|t 2
|v 990.00
|w 2009-05-19
|y BK
|